<?xml version="1.0" encoding="UTF-8"?>
<record
    xmlns:xsi="http://www.w3.org/2001/XMLSchema-instance"
    xsi:schemaLocation="http://www.loc.gov/MARC21/slim http://www.loc.gov/standards/marcxml/schema/MARC21slim.xsd"
    xmlns="http://www.loc.gov/MARC21/slim">

  <leader>00265nam a22001217a 4500</leader>
  <datafield tag="040" ind1=" " ind2=" ">
    <subfield code="c">SK</subfield>
  </datafield>
  <datafield tag="082" ind1=" " ind2=" ">
    <subfield code="a">580</subfield>
  </datafield>
  <datafield tag="100" ind1=" " ind2=" ">
    <subfield code="a">&#x1783;&#x17BD;&#x1793; &#x17A2;&#x17C0;&#x1784;</subfield>
  </datafield>
  <datafield tag="245" ind1=" " ind2=" ">
    <subfield code="a">Botany; &#x179A;&#x17BB;&#x1780;&#x17D2;&#x1781;&#x179C;&#x17B7;&#x1791;&#x17D2;&#x1799;&#x17B6;</subfield>
  </datafield>
  <datafield tag="260" ind1=" " ind2=" ">
    <subfield code="a">RUA</subfield>
    <subfield code="b">&#x1783;&#x17BD;&#x1793;</subfield>
    <subfield code="c">2008</subfield>
  </datafield>
  <datafield tag="300" ind1=" " ind2=" ">
    <subfield code="a">32p.</subfield>
  </datafield>
  <datafield tag="942" ind1=" " ind2=" ">
    <subfield code="c">KB</subfield>
  </datafield>
  <datafield tag="999" ind1=" " ind2=" ">
    <subfield code="c">10254</subfield>
    <subfield code="d">10254</subfield>
  </datafield>
  <datafield tag="952" ind1=" " ind2=" ">
    <subfield code="0">0</subfield>
    <subfield code="1">0</subfield>
    <subfield code="4">0</subfield>
    <subfield code="6">580_000000000000000_&#x1783;&#x17BD;&#x1793;_2008_C020_OR</subfield>
    <subfield code="7">0</subfield>
    <subfield code="9">52818</subfield>
    <subfield code="a">LBC</subfield>
    <subfield code="b">LBC</subfield>
    <subfield code="c">C020</subfield>
    <subfield code="d">2016-09-23</subfield>
    <subfield code="o">580 &#x1783;&#x17BD;&#x1793; 2008 C020 Or.</subfield>
    <subfield code="p">A02229</subfield>
    <subfield code="r">2016-09-23</subfield>
    <subfield code="y">KB</subfield>
  </datafield>
  <datafield tag="952" ind1=" " ind2=" ">
    <subfield code="0">0</subfield>
    <subfield code="1">0</subfield>
    <subfield code="4">0</subfield>
    <subfield code="6">580_000000000000000_&#x1783;&#x17BD;&#x1793;_2008_C020_OR</subfield>
    <subfield code="7">0</subfield>
    <subfield code="9">52820</subfield>
    <subfield code="a">LBC</subfield>
    <subfield code="b">LBC</subfield>
    <subfield code="c">C020</subfield>
    <subfield code="d">2016-09-23</subfield>
    <subfield code="o">580 &#x1783;&#x17BD;&#x1793; 2008 C020 Or.</subfield>
    <subfield code="p">A01334</subfield>
    <subfield code="r">2016-09-26</subfield>
    <subfield code="y">KB</subfield>
  </datafield>
</record>
